000 00533nam a2200157Ia 4500
008 151213s9999 xx 000 0 und d
100 _aএম.এ চেীধুরী।
245 _aউচ্চ শিক্ষা বিষয়ক সেমিনার
_cএম.এ চেীধুরী।
250 _a১ম সং
260 _aঢাকা
_bইউ জি সি।
_c1975
300 _a4363 p.
650 _aBangla
650 _aসেমিনার
700 _aএম.এ চেীধুরী।
999 _c2776
_d2776